[Event "Fouesnant op 10th"]
[Site "Fouesnant"]
[Date "2004.10.28"]
[Round "7"]
[White "Priser, Patrick"]
[Black "Lemoine, Gilles"]
[Result "0-1"]
[WhiteElo "1940"]
[BlackElo "2154"]
[PlyCount "40"]
[EventDate "2004.10.23"]
[EventType "swiss"]
[EventRounds "9"]
[EventCountry "FRA"]
[SourceTitle "EXT 2007"]
[Source "ChessBase"]
[SourceDate "2006.11.23"]
[SourceVersion "1"]
[SourceVersionDate "2006.11.23"]
[SourceQuality "1"]

1. e4 e5 2. Bc4 Nf6 3. d3 Nc6 4. Nc3 Bc5 5. f4 h5 6. Na4 Bxg1 7. Rxg1 Ng4 8. g3 b5 9. Bxb5 Nd4 10. h3 Nh2 11. Rg2 Nhf3+ 12. Kf2 Nh4 13. Bc4 Nxg2 14. Kxg2 d6 15. f5 Bb7 16. c3 d5 17. Nc5 Bc6 18. Bxd5 Bxd5 19. cxd4 exd4 20. exd5 Qxd5+ 0-1

[Event "Fouesnant op 10th"]
[Site "Fouesnant"]
[Date "2004.10.26"]
[Round "5"]
[White "Algaba, Solene"]
[Black "Lemoine, Gilles"]
[Result "0-1"]
[WhiteElo "1860"]
[BlackElo "2154"]
[PlyCount "140"]
[EventDate "2004.10.23"]
[EventType "swiss"]
[EventRounds "9"]
[EventCountry "FRA"]
[SourceTitle "EXT 2007"]
[Source "ChessBase"]
[SourceDate "2006.11.23"]
[SourceVersion "1"]
[SourceVersionDate "2006.11.23"]
[SourceQuality "1"]

1. e4 e5 2. Nf3 Nc6 3. Nc3 Nf6 4. Bb5 Bb4 5. d3 d6 6. 0-0 0-0 7. Bg5 a6 8. Bxf6 gxf6 9. Bc4 Bxc3 10. bxc3 f5 11. exf5 d5 12. Bb3 Bxf5 13. Qd2 Kh8 14. Rae1 f6 15. Nh4 Ne7 16. Nxf5 Nxf5 17. f4 e4 18. dxe4 dxe4 19. Qd5 Nd6 20. f5 Re8 21. Re3 Re5 22. Qd1 Nxf5 23. Qxd8+ Rxd8 24. Re2 Kg7 25. Rf4 e3 26. Bc4 Rd1+ 27. Rf1 Rd2 28. Rfe1 h5 29. Bd3 Kg6 30. Rxe3 Rxe3 31. Rxe3 Kg5 32. Re2 Rxe2 33. Bxe2 Ne3 34. Bd3 Nd1 35. c4 c5 36. Be4 b6 37. a3 a5 38. a4 Nb2 39. Bc6 Nxc4 40. Kf2 Na3 41. c3 Nb1 42. c4 Nd2 43. Bd5 h4 44. Ke2 Nb3 45. Ke3 Nd4 46. Ke4 Ne2 47. Bc6 Nf4 48. Ke3 Kf5 49. Be4+ Ke5 50. Bb7 f5 51. Bc6 Nh5 52. Bd5 Nf6 53. Bf3 f4+ 54. Kd3 Ne8 55. Bc6 Nd6 56. Bf3 Nf5 57. Bc6 Nd4 58. Bf3 h3 59. Bb7 hxg2 60. Bxg2 f3 61. Bf1 Kf4 62. h4 Kg4 63. Ke4 Kxh4 64. Kf4 f2 65. Ke5 Kg3 66. Kd6 Kh2 67. Kc7 Kg1 68. Bd3 f1Q 69. Bxf1 Kxf1 70. Kxb6 Nb3 0-1

[Event "Fouesnant op 10th"]
[Site "Fouesnant"]
[Date "2004.10.24"]
[Round "3"]
[White "Gosselin, David"]
[Black "Lemoine, Gilles"]
[Result "0-1"]
[WhiteElo "2052"]
[BlackElo "2154"]
[PlyCount "66"]
[EventDate "2004.10.23"]
[EventType "swiss"]
[EventRounds "9"]
[EventCountry "FRA"]
[SourceTitle "EXT 2007"]
[Source "ChessBase"]
[SourceDate "2006.11.23"]
[SourceVersion "1"]
[SourceVersionDate "2006.11.23"]
[SourceQuality "1"]

1. e4 e5 2. Nf3 Nc6 3. d4 exd4 4. c3 dxc3 5. Bc4 cxb2 6. Bxb2 Bb4+ 7. Nc3 Nf6 8. e5 d5 9. exf6 dxc4 10. Qe2+ Be6 11. fxg7 Rg8 12. 0-0 Qd3 13. Qe1 Rxg7 14. Ne5 Qh3 15. g3 Nd4 16. Rd1 0-0-0 17. Qe3 c5 18. Ne2 f6 19. Nf4 Qf5 20. Nxe6 Qxe6 21. Bxd4 cxd4 22. Qh6 Rc7 23. Nf3 d3 24. Ng5 Qf5 25. Nh3 c3 26. Qe3 Bc5 27. Qh6 c2 28. Rd2 Bf8 29. Qe3 c1Q 30. Rxc1 Rxc1+ 31. Kg2 Bc5 32. Qh6 Qe4+ 33. f3 Qe1 0-1

[Event "FRA-ch op-A"]
[Site "Marseille"]
[Date "2001.08.25"]
[Round "11"]
[White "Bessat, Remy"]
[Black "Lemoine, Gilles"]
[Result "1/2-1/2"]
[WhiteElo "2033"]
[BlackElo "2130"]
[PlyCount "119"]
[EventDate "2001.08.13"]
[EventType "swiss"]
[EventRounds "11"]
[EventCountry "FRA"]
[SourceTitle "EXT 2002"]
[Source "ChessBase"]
[SourceDate "2001.11.25"]
[SourceVersion "1"]
[SourceVersionDate "2001.11.25"]
[SourceQuality "1"]

1. b4 e5 2. a3 d5 3. Bb2 Bd6 4. e3 Nf6 5. c4 c6 6. Qc2 0-0 7. Nf3 e4 8. Nd4 dxc4 9. Bxc4 Nbd7 10. Nc3 Re8 11. f4 Nb6 12. Be2 a5 13. bxa5 Rxa5 14. Nb3 Ra8 15. a4 Nbd5 16. Nxd5 Nxd5 17. 0-0 Qh4 18. g3 Qh3 19. Rf2 Bg4 20. Bf1 Qh5 21. Nd4 Bf8 22. Qb3 Rab8 23. a5 Bh3 24. Bxh3 Qxh3 25. Ba3 Bxa3 26. Rxa3 Qd7 27. Qc4 Nc7 28. Rf1 Na6 29. Rc1 Red8 30. Rc2 Qg4 31. Ra1 Nc7 32. a6 Nxa6 33. Nxc6 bxc6 34. Qxa6 c5 35. Rac1 h5 36. Qf1 h4 37. Qe1 h3 38. Rxc5 Qf3 39. Qf1 Qxf1+ 40. Kxf1 Rxd2 41. Rc8+ Rxc8 42. Rxc8+ Kh7 43. Rc5 g6 44. f5 Rxh2 45. Re5 gxf5 46. Rxf5 Kg6 47. Rf4 Rg2 48. Rxe4 Rxg3 49. Kf2 Rg2+ 50. Kf3 Rb2 51. Rh4 h2 52. Rh8 Kf5 53. Rh5+ Ke6 54. Rh6+ Kd5 55. Rh5+ Kc4 56. Rh4+ Kd3 57. Rd4+ Kc2 58. Kg2 Kc1+ 59. Kh1 Re2 60. Rf4 1/2-1/2

[Event "Paris Apsap op"]
[Site "Paris"]
[Date "1998.??.??"]
[Round "?"]
[White "Lazarev, Vladimir"]
[Black "Lemoine, Gilles"]
[Result "1-0"]
[WhiteElo "2490"]
[BlackElo "2170"]
[PlyCount "51"]
[EventDate "1998.??.??"]
[EventType "swiss"]
[EventRounds "9"]
[EventCountry "FRA"]
[SourceTitle "EXT 2002"]
[Source "ChessBase"]
[SourceDate "2001.11.25"]
[SourceVersion "1"]
[SourceVersionDate "2001.11.25"]
[SourceQuality "1"]

1. d4 f5 2. c4 e6 3. g3 c6 4. Bg2 Nf6 5. Qc2 Na6 6. a3 Be7 7. Nh3 0-0 8. 0-0 d6 9. Nc3 Qe8 10. e4 e5 11. dxe5 dxe5 12. exf5 Qh5 13. Ng5 Ng4 14. h4 h6 15. f6 Nxf6 16. Nge4 Nc5 17. b4 Ncxe4 18. Nxe4 Nxe4 19. Qxe4 Bf5 20. Qe3 Qg4 21. Bb2 Bf6 22. Rac1 Rad8 23. Qxa7 Bxh4 24. Bxe5 Bg5 25. f3 Be3+ 26. Qxe3 1-0